000 00226 a2200097 4500
001 46911
100 _aSimkins M
245 _athe roman army from causer to trajan
260 _a
_bOsprey publishing
_c
090 _c29991
_d29991
942 _aNUST-CAE
_cM
_c22214
999 _c281984
_d281984